| 000 | 00000nam 2200000zi 4500 |
| 001 | 9.946496 |
| 003 | CaOODSP |
| 005 | 20250103100255 |
| 006 | m o d f |
| 007 | cr mn||||||||| |
| 008 | 250103t20072007qucab ob f000 0 eng d |
| 020 | |a9780660196527 |q(print) |
| 040 | |aCaOODSP|beng|erda|cCaOODSP |
| 041 | 1 |aeng|aspa |
| 043 | |an-cn-nf|aln----- |
| 045 | |at-t- |
| 086 | 1 |aR62-389/2007E-PDF |
| 086 | 1 |aR62-389/2007E |
| 245 | 04|aThe underwater archaeology of Red Bay : |bBasque shipbuilding and whaling in the 16th century / |cedited by Robert Grenier, Marc-André Bernier, Willis Stevens. |
| 264 | 1|a[Gatineau, Quebec] : |bParks Canada = Parcs Canada, |c2007. |
| 264 | 4|c©2007 |
| 300 | |a1 online resource (5 volumes) : |billustrations (some colour), maps |
| 336 | |atext|btxt|2rdacontent |
| 337 | |acomputer|bc|2rdamedia |
| 338 | |aonline resource|bcr|2rdacarrier |
| 500 | |aIssued also in French under title: L'archéologie subaquatique de Red Bay : la construction navale et la pêche de la baleine basques au XVIe siècle. |
| 500 | |aDigitized edition from print. |
| 504 | |aIncludes bibliographical references. |
| 505 | 0 |av. 1. Archaeology underwater: the project -- v. 2. Material culture -- v. 3. The 24m hull -- v. 4. Rigging, vessel use and related studies -- v. 5. Appendices, glossary and bibliography. |
| 520 | |a"In 1978 Parks Canada underwater archaeologists discovered the wreck of a 16th-century Basque whaling vessel in Red Bay, Labrador, believed to be the San Juan (1565). This five-volume publication is the culmination of over 25 years of research by associates and members of Parks Canada's Underwater Archaeology Service. It describes not only the underwater archaeology as practiced at Red Bay but also 16th-century ship construction, whaling and material cultural studies"--Supplied from Parks Canada. |
| 546 | |aText chiefly in English; includes some text in Spanish. |
| 650 | 0|aExcavations (Archaeology)|zNewfoundland and Labrador|zRed Bay. |
| 650 | 0|aUnderwater archaeology|zNewfoundland and Labrador|zRed Bay. |
| 650 | 0|aWhaling ships|zNewfoundland and Labrador|zRed Bay|xHistory|y16th century. |
| 650 | 0|aShipbuilding|zNewfoundland and Labrador|zRed Bay|xHistory|y16th century. |
| 650 | 0|aWhaling|zNewfoundland and Labrador|zRed Bay|xHistory|y16th century. |
| 650 | 0|aBasques|zNewfoundland and Labrador|zRed Bay. |
| 651 | 0|aRed Bay (N.L.)|xAntiquities. |
| 651 | 0|aNewfoundland and Labrador|xAntiquities. |
| 700 | 1 |aGrenier, Robert, |d1937- |eeditor. |
| 700 | 1 |aBernier, Marc-AndreĢ, |d1963- |eeditor. |
| 700 | 1 |aStevens, Willis, |eeditor. |
| 710 | 2 |aParks Canada, |eissuing body. |
| 775 | 08|tL'archéologie subaquatique de Red Bay : |w(CaOODSP)9.946498 |
| 776 | 0#|tThe underwater archaeology of Red Bay : |w(CaOODSP)9.650299 |
| 856 | 40|qPDF|s148.00 MB|uhttps://publications.gc.ca/collections/collection_2025/pc/R62-389-2007-1-eng.pdf|z(v. 1) |
| 856 | 40|qPDF|s205.00 MB|uhttps://publications.gc.ca/collections/collection_2025/pc/R62-389-2007-2-eng.pdf|z(v. 2) |
| 856 | 40|qPDF|s188.00 MB|uhttps://publications.gc.ca/collections/collection_2025/pc/R62-389-2007-3-eng.pdf|z(v. 3) |
| 856 | 40|qPDF|s219.00 MB|uhttps://publications.gc.ca/collections/collection_2025/pc/R62-389-2007-4-eng.pdf|z(v. 4) |
| 856 | 40|qPDF|s125.00 MB|uhttps://publications.gc.ca/collections/collection_2025/pc/R62-389-2007-5-eng.pdf|z(v. 5) |